[Event "Baden-ch 94th"]
[Site "Forst"]
[Date "2022.10.03"]
[Round "7"]
[White "Doll, Alexander"]
[Black "Cernov, Henrik"]
[Result "1/2-1/2"]
[WhiteElo "2235"]
[BlackElo "2066"]
[PlyCount "33"]
[EventDate "2022.09.30"]
[EventType "swiss"]
[EventRounds "7"]
[EventCountry "GER"]
[SourceTitle "CBM 210 Extra"]
[Source "ChessBase"]
[SourceDate "2022.11.30"]
[SourceVersion "1"]
[SourceVersionDate "2022.11.30"]
[SourceQuality "1"]

1. e4 c5 2. Nf3 e6 3. d4 cxd4 4. Nxd4 Nf6 5. Nc3 Nc6 6. Nxc6 bxc6 7. Bd3 d5 8. 0-0 Be7 9. Bf4 0-0 10. Qf3 Bb7 11. Rfd1 Nd7 12. Ne2 Nc5 13. Rab1 Nxd3 14. Qxd3 Qb6 15. exd5 cxd5 16. Qb3 Bf6 17. Be3 1/2-1/2

[Event "Baden-ch 94th"]
[Site "Forst"]
[Date "2022.10.01"]
[Round "2"]
[White "Schmitt, Anatole"]
[Black "Doll, Alexander"]
[Result "0-1"]
[WhiteElo "1995"]
[BlackElo "2235"]
[PlyCount "54"]
[EventDate "2022.09.30"]
[EventType "swiss"]
[EventRounds "7"]
[EventCountry "GER"]
[SourceTitle "CBM 210 Extra"]
[Source "ChessBase"]
[SourceDate "2022.11.30"]
[SourceVersion "1"]
[SourceVersionDate "2022.11.30"]
[SourceQuality "1"]

1. d4 d5 2. Nc3 Nf6 3. Bf4 a6 4. Qd3 e6 5. 0-0-0 c5 6. dxc5 Nc6 7. Na4 Ne4 8. Be3 Qa5 9. Qb3 Bxc5 10. Nxc5 Nxc5 11. Bxc5 Qxc5 12. Qg3 Rg8 13. Kb1 e5 14. e3 Be6 15. Nf3 f6 16. Rd3 b5 17. Nd2 a5 18. a4 bxa4 19. Qh4 Qb4 20. Qh5+ Bf7 21. Qd1 Rb8 22. Qc1 e4 23. c3 Qb6 24. Rd4 Nxd4 25. cxd4 Ke7 26. Qc3 Rgc8 27. Qa3+ Qb4 0-1

[Event "Kiel op 34th"]
[Site "Kiel"]
[Date "2022.08.01"]
[Round "5"]
[White "Legky, Nikolay A"]
[Black "Doll, Alexander"]
[Result "1/2-1/2"]
[WhiteElo "2374"]
[BlackElo "2180"]
[PlyCount "43"]
[EventDate "2022.07.30"]
[EventType "swiss"]
[EventRounds "9"]
[EventCountry "GER"]
[SourceTitle "CBM 209 Extra"]
[Source "ChessBase"]
[SourceDate "2022.09.30"]
[SourceVersion "1"]
[SourceVersionDate "2022.09.30"]
[SourceQuality "1"]

1. d4 d5 2. c4 e6 3. Nf3 Nf6 4. e3 c6 5. Nbd2 Nbd7 6. b3 Be7 7. Bd3 b6 8. 0-0 0-0 9. Bb2 Bb7 10. Qe2 Re8 11. Rad1 c5 12. Ne5 cxd4 13. exd4 Bf8 14. Ndf3 Ne4 15. Rc1 a6 16. Rfd1 g6 17. Rc2 Bg7 18. Nxd7 Qxd7 19. Ne5 Qe7 20. Rdc1 Bh6 21. Rd1 Bg7 22. Rdc1 1/2-1/2

[Event "Kiel op 34th"]
[Site "Kiel"]
[Date "2022.07.31"]
[Round "4"]
[White "Doll, Alexander"]
[Black "Schmitz, Andreas Arnold"]
[Result "1-0"]
[WhiteElo "2180"]
[BlackElo "2070"]
[PlyCount "73"]
[EventDate "2022.07.30"]
[EventType "swiss"]
[EventRounds "9"]
[EventCountry "GER"]
[SourceTitle "CBM 209 Extra"]
[Source "ChessBase"]
[SourceDate "2022.09.30"]
[SourceVersion "1"]
[SourceVersionDate "2022.09.30"]
[SourceQuality "1"]

1. e4 e6 2. d4 d5 3. Bd3 c5 4. exd5 Qxd5 5. Nc3 Qxd4 6. Nb5 Qd8 7. Bf4 Na6 8. Qe2 Nf6 9. 0-0-0 Nd5 10. Bc4 Be7 11. Bxd5 exd5 12. Nd6+ Kf8 13. Rxd5 Be6 14. Rd1 Nb4 15. a3 Nd5 16. Ne4 Qb6 17. Be5 c4 18. Nc3 Nxc3 19. Bxc3 Bg5+ 20. Kb1 Be7 21. Qf3 h5 22. Ne2 Rh6 23. h3 Kg8 24. Nf4 Bf6 25. Rhe1 Bxc3 26. Qxc3 Re8 27. Re3 Qc6 28. Rg3 g6 29. Nxe6 Rxe6 30. Rd8+ Re8 31. Rxe8+ Qxe8 32. Qxc4 b5 33. Qd5 Qe1+ 34. Ka2 h4 35. Re3 Qf1 36. Re8+ Kh7 37. Qxf7# 1-0

[Event "Schwarzacher op 35th"]
[Site "Schwarzach"]
[Date "2022.07.21"]
[Round "6"]
[White "Doll, Alexander"]
[Black "Womacka, Mathias"]
[Result "1/2-1/2"]
[WhiteElo "2180"]
[BlackElo "2425"]
[PlyCount "26"]
[EventDate "2022.07.17"]
[EventType "swiss"]
[EventRounds "9"]
[EventCountry "AUT"]
[SourceTitle "CBM 209 Extra"]
[Source "ChessBase"]
[SourceDate "2022.09.30"]
[SourceVersion "1"]
[SourceVersionDate "2022.09.30"]
[SourceQuality "1"]

1. e4 c5 2. Nf3 d6 3. d4 cxd4 4. Nxd4 Nf6 5. Nc3 a6 6. Be2 e5 7. Nf3 Be7 8. Bg5 Nbd7 9. a4 h6 10. Be3 Ng4 11. Bd2 Ngf6 12. Be3 Ng4 13. Bd2 Ngf6 1/2-1/2

[Event "GER-chT Christmas U20"]
[Site "Playchess.com INT"]
[Date "2020.12.29"]
[Round "1.3"]
[White "Gillmeister, Gino"]
[Black "Doll, Alexander"]
[Result "1-0"]
[WhiteElo "1587"]
[BlackElo "2136"]
[PlyCount "132"]
[EventDate "2020.12.29"]
[EventType "team-swiss (blitz)"]
[EventRounds "7"]
[EventCountry "GER"]
[SourceTitle "CBM 200 Extra"]
[Source "ChessBase"]
[SourceDate "2021.03.31"]
[SourceVersion "1"]
[SourceVersionDate "2021.03.31"]
[SourceQuality "1"]
[WhiteTeam "Lichtenberg Borussia"]
[BlackTeam "Baden-Baden"]
[WhiteTeamCountry "GER"]
[BlackTeamCountry "GER"]

1. b3 e5 2. Bb2 Nc6 3. e3 d5 4. Bb5 Bd6 5. c4 dxc4 6. bxc4 Nf6 7. d4 exd4 8. exd4 0-0 9. Bxc6 bxc6 10. Ne2 Re8 11. 0-0 Bg4 12. Nbc3 Rb8 13. Qc2 Nh5 14. h3 Qh4 15. c5 Bxe2 16. Nxe2 Nf4 17. Nxf4 Bxf4 18. Rfe1 Qg5 19. Bc3 Qd5 20. Qa4 Red8 21. g3 Bxg3 22. fxg3 Qf3 23. Qc4 Qxg3+ 24. Kh1 Qxh3+ 25. Kg1 Qg3+ 26. Kh1 Rd5 27. Re5 Rbd8 28. Rae1 h6 29. R1e3 Qh4+ 30. Kg1 Kh7 31. Qd3+ g6 32. Qe4 Qf6 33. Rf3 Rxe5 34. dxe5 Qg5+ 35. Kf2 Qe7 36. Qc4 Rd5 37. Qf4 Rxc5 38. Qxf7+ Qxf7 39. Rxf7+ Kg8 40. Rf3 Rc4 41. Ke2 g5 42. Kd3 Rf4 43. Rxf4 gxf4 44. Ke4 Kf7 45. Kxf4 Ke6 46. Ba5 c5 47. Bxc7 c4 48. Ba5 a6 49. Bc3 h5 50. Kg5 Kd5 51. Kxh5 Ke4 52. e6 Kd3 53. e7 Kxc3 54. e8Q Kb2 55. Qa4 c3 56. Qb4+ Kc2 57. Kg4 Kd3 58. Qd6+ Ke2 59. Qe5+ Kd2 60. Qd4+ Kc2 61. Kf3 Kb2 62. Qb4+ Kc2 63. Ke3 a5 64. Qxa5 Kb2 65. Qb4+ Kc2 66. a4 Kd1 1-0

[Event "Verbandsliga Suedbaden 1920"]
[Site "Baden"]
[Date "2020.02.16"]
[Round "6.2"]
[White "Doll, Alexander"]
[Black "Leutwyler, Martin"]
[Result "1/2-1/2"]
[WhiteElo "2127"]
[BlackElo "2200"]
[PlyCount "111"]
[EventDate "2019.09.29"]
[EventType "team-tourn"]
[EventRounds "9"]
[EventCountry "GER"]
[SourceTitle "EXT 2021"]
[Source "ChessBase"]
[SourceDate "2020.10.23"]
[SourceVersion "1"]
[SourceVersionDate "2020.10.23"]
[SourceQuality "1"]
[WhiteTeam "Baden-Baden V"]
[BlackTeam "Gottmadingen"]
[WhiteTeamCountry "GER"]
[BlackTeamCountry "GER"]

1. e4 c6 2. d4 d5 3. Nd2 dxe4 4. Nxe4 Bf5 5. Ng3 Bg6 6. Nf3 Nd7 7. h4 h6 8. h5 Bh7 9. Bd3 Bxd3 10. Qxd3 e6 11. Bd2 Ngf6 12. 0-0-0 Bd6 13. Ne4 Bc7 14. c4 Nxe4 15. Qxe4 Nf6 16. Qe2 b5 17. g4 bxc4 18. g5 c3 19. Bxc3 hxg5 20. Ne5 Qd5 21. Qa6 Qb5 22. Qxc6+ Qxc6 23. Nxc6 Rxh5 24. Rxh5 Nxh5 25. d5 Kd7 26. Ne5+ Bxe5 27. Bxe5 Rc8+ 28. Kb1 f6 29. dxe6+ Kxe6 30. Bd4 a6 31. b4 Nf4 32. Kb2 Kf5 33. Bc5 Ke4 34. Re1+ Kd5 35. Kb3 g4 36. Re7 Ne6 37. Rd7+ Ke5 38. Kc4 g5 39. Rd5+ Ke4 40. Rd6 Nxc5 41. bxc5 f5 42. Rxa6 Kf3 43. Rg6 Kxf2 44. Rxg5 Rf8 45. c6 g3 46. c7 f4 47. Rf5 Rc8 48. Rxf4+ Ke3 49. Rg4 Kf3 50. Rg7 g2 51. Kd3 Kf2 52. Rf7+ Ke1 53. Rg7 Kf1 54. Rf7+ Ke1 55. Rg7 Kf1 56. Rf7+ 1/2-1/2

[Event "GER-ch U25-A"]
[Site "Willingen"]
[Date "2019.06.12"]
[Round "5"]
[White "Doll, Alexander"]
[Black "Hesse, Henrik"]
[Result "1/2-1/2"]
[WhiteElo "1991"]
[BlackElo "2166"]
[PlyCount "74"]
[EventDate "2019.06.08"]
[EventType "swiss"]
[EventRounds "9"]
[EventCountry "GER"]
[SourceTitle "CBM 191 Extra"]
[Source "ChessBase"]
[SourceDate "2019.09.30"]
[SourceVersion "1"]
[SourceVersionDate "2019.09.30"]
[SourceQuality "1"]

1. e4 g6 2. d4 Bg7 3. Nc3 d6 4. f4 Nf6 5. Nf3 0-0 6. Bd3 c5 7. dxc5 dxc5 8. e5 Nd5 9. Nxd5 Qxd5 10. Qe2 Qc6 11. 0-0 Qc7 12. Bd2 Nc6 13. Rae1 Bg4 14. Bc3 a6 15. Qe3 Na5 16. Qd2 Nc6 17. Qe3 b6 18. h3 Bxf3 19. Rxf3 e6 20. g4 Ne7 21. f5 Nd5 22. Qe4 Nxc3 23. bxc3 b5 24. c4 b4 25. fxe6 fxe6 26. h4 Rad8 27. Rxf8+ Bxf8 28. Qf3 Rd4 29. Re4 Qd7 30. h5 Rxe4 31. Qxe4 gxh5 32. gxh5 Bh6 33. Kf2 Bf8 34. Qg4+ Kh8 35. Ke2 Qf7 36. Qg5 Be7 37. Qg4 Bf8 1/2-1/2

[Event "GER-ch U25-A"]
[Site "Willingen"]
[Date "2019.06.12"]
[Round "6"]
[White "Doll, Alexander"]
[Black "Weber, Samuel"]
[Result "0-1"]
[WhiteElo "1991"]
[BlackElo "2160"]
[PlyCount "64"]
[EventDate "2019.06.08"]
[EventType "swiss"]
[EventRounds "9"]
[EventCountry "GER"]
[SourceTitle "CBM 191 Extra"]
[Source "ChessBase"]
[SourceDate "2019.09.30"]
[SourceVersion "1"]
[SourceVersionDate "2019.09.30"]
[SourceQuality "1"]

1. e4 e5 2. Nf3 Nc6 3. Bc4 Bc5 4. d3 Nf6 5. 0-0 0-0 6. h3 a6 7. Bb3 d6 8. c3 Re8 9. Re1 Be6 10. Nbd2 Bxb3 11. axb3 d5 12. Qe2 Qd7 13. Nf1 h6 14. b4 Bf8 15. Ng3 Rad8 16. Nh4 g6 17. Qc2 Re6 18. Kf1 Rd6 19. Qb3 Kh7 20. Nf3 d4 21. c4 Re6 22. Bd2 Qe7 23. Ra4 Nd7 24. c5 a5 25. Rc1 axb4 26. Bxb4 Nxb4 27. Rxb4 Nxc5 28. Qc4 Nxd3 29. Qxd3 Qxb4 30. Rxc7 Re7 31. Rxe7 Qxe7 32. Qb5 d3 0-1

[Event "Youth District Germany"]
[Site "Wuerzburg"]
[Date "2018.10.07"]
[Round "7.3"]
[White "Koelle, Tobias"]
[Black "Doll, Alexander"]
[Result "1/2-1/2"]
[WhiteElo "2125"]
[BlackElo "2153"]
[PlyCount "73"]
[EventDate "2018.10.02"]
[EventType "team-swiss"]
[EventRounds "7"]
[EventCountry "GER"]
[SourceTitle "CBM 186 Extra"]
[Source "ChessBase"]
[SourceDate "2018.08.24"]
[SourceVersion "1"]
[SourceVersionDate "2018.08.24"]
[SourceQuality "1"]
[WhiteTeam "Wuerttemberg U20"]
[BlackTeam "Baden U20 II"]
[WhiteTeamCountry "GER"]
[BlackTeamCountry "GER"]

1. d4 Nf6 2. c4 e6 3. Nc3 d5 4. cxd5 exd5 5. Bg5 Be7 6. e3 c6 7. Bd3 Ne4 8. Bxe7 Qxe7 9. Qc2 Nxc3 10. bxc3 Nd7 11. Ne2 g6 12. 0-0 0-0 13. Rae1 c5 14. Ng3 Nf6 15. Qb1 Be6 16. f3 Qc7 17. e4 cxd4 18. cxd4 Qb6 19. Qa1 dxe4 20. Rb1 Qa5 21. fxe4 Ng4 22. Qb2 Bxa2 23. Ra1 Qg5 24. Rxa2 Qe3+ 25. Kh1 Qxd3 26. Ra3 Qc4 27. h3 Nh6 28. Qd2 Kg7 29. Nh5+ gxh5 30. Qg5+ Kh8 31. Qf6+ Kg8 32. Ra5 b5 33. Qg5+ Kh8 34. Qf6+ Kg8 35. Qg5+ Kh8 36. Qf6+ Kg8 37. Qg5+ 1/2-1/2

[Event "Youth District Germany"]
[Site "Wuerzburg"]
[Date "2018.10.05"]
[Round "5.3"]
[White "Garbuz, Vitaliy"]
[Black "Doll, Alexander"]
[Result "1-0"]
[WhiteElo "2182"]
[BlackElo "2153"]
[PlyCount "131"]
[EventDate "2018.10.02"]
[EventType "team-swiss"]
[EventRounds "7"]
[EventCountry "GER"]
[SourceTitle "CBM 186 Extra"]
[Source "ChessBase"]
[SourceDate "2018.08.24"]
[SourceVersion "1"]
[SourceVersionDate "2018.08.24"]
[SourceQuality "1"]
[WhiteTeam "Nordrhein Westfalen U20"]
[BlackTeam "Baden U20 II"]
[WhiteTeamCountry "GER"]
[BlackTeamCountry "GER"]

1. e4 e5 2. Nf3 Nc6 3. d4 exd4 4. Bc4 Nf6 5. e5 d5 6. Bb5 Nd7 7. 0-0 Be7 8. Bxc6 bxc6 9. Nxd4 Nb8 10. Nc3 0-0 11. Qf3 f6 12. e6 Bc5 13. Nb3 Bd6 14. Re1 Re8 15. Nd4 Be5 16. Rxe5 fxe5 17. Qf7+ Kh8 18. Bg5 Bxe6 19. Nxe6 Qd7 20. Qxd7 Nxd7 21. Nxc7 Nc5 22. Nxa8 Rxa8 23. Be7 Ne6 24. Re1 Re8 25. Bd6 e4 26. Be5 Nc5 27. Bd4 Ne6 28. Bxa7 Ra8 29. Nxe4 Rxa7 30. Nc5 Nf8 31. a4 Kg8 32. Re8 Kf7 33. Rc8 Ne6 34. Nxe6 Kxe6 35. Rxc6+ Kd7 36. Rc3 Rxa4 37. Ra3 Rd4 38. Rd3 Rb4 39. b3 Ke6 40. Re3+ Kf6 41. Rf3+ Ke6 42. g3 Rb7 43. h4 Rc7 44. Re3+ Kf5 45. Re2 Rc3 46. Kf1 d4 47. Rd2 d3 48. Rxd3 Rxc2 49. Rd7 Kf6 50. b4 Rb2 51. Rb7 h6 52. b5 g5 53. hxg5+ hxg5 54. b6 Kf5 55. Rb8 Kg4 56. Ke1 Kf3 57. Rf8+ Kg2 58. Rf6 g4 59. Kd1 Rb5 60. Kc2 Rb4 61. Kd3 Kg1 62. Kc3 Rxb6 63. Rxb6 Kxf2 64. Kd4 Kxg3 65. Ke3 Kh2 66. Rg6 1-0

[Event "Youth District Germany"]
[Site "Wuerzburg"]
[Date "2018.10.03"]
[Round "2.3"]
[White "Wong, Gengchun"]
[Black "Doll, Alexander"]
[Result "1/2-1/2"]
[WhiteElo "2194"]
[BlackElo "2153"]
[PlyCount "41"]
[EventDate "2018.10.02"]
[EventType "team-swiss"]
[EventRounds "7"]
[EventCountry "GER"]
[SourceTitle "CBM 186 Extra"]
[Source "ChessBase"]
[SourceDate "2018.08.24"]
[SourceVersion "1"]
[SourceVersionDate "2018.08.24"]
[SourceQuality "1"]
[WhiteTeam "Sachsen U20"]
[BlackTeam "Baden U20 II"]
[WhiteTeamCountry "GER"]
[BlackTeamCountry "GER"]

1. e4 e5 2. Nf3 Nc6 3. Bb5 a6 4. Bxc6 dxc6 5. 0-0 Bg4 6. h3 h5 7. d3 Qf6 8. Nbd2 g5 9. b3 Bd6 10. d4 0-0-0 11. Bb2 exd4 12. hxg4 hxg4 13. Bxd4 Qxd4 14. Nxd4 Bh2+ 15. Kh1 Bf4+ 16. Kg1 Bh2+ 17. Kh1 Be5+ 18. Kg1 Bh2+ 19. Kh1 Bf4+ 20. Kg1 Bh2+ 21. Kh1 1/2-1/2

[Event "Baden-Alsace"]
[Site "Karlsruhe"]
[Date "2018.09.16"]
[Round "1.16"]
[White "Doll, Alexander"]
[Black "Monot, Leo"]
[Result "0-1"]
[WhiteElo "2153"]
[BlackElo "1936"]
[PlyCount "96"]
[EventDate "2018.09.16"]
[EventType "team-match"]
[EventRounds "1"]
[EventCountry "GER"]
[SourceTitle "EXT 2019"]
[Source "ChessBase"]
[SourceDate "2018.10.10"]
[SourceVersion "1"]
[SourceVersionDate "2018.10.10"]
[SourceQuality "1"]
[WhiteTeam "Baden"]
[BlackTeam "Alsace"]
[WhiteTeamCountry "GER"]
[BlackTeamCountry "FRA"]

1. e4 e5 2. Nf3 Nc6 3. Bc4 Nf6 4. d3 Bc5 5. 0-0 d6 6. c3 0-0 7. Re1 h6 8. h3 a6 9. Bb3 Ba7 10. Nbd2 Be6 11. Nf1 Nh5 12. d4 Bxb3 13. axb3 Qf6 14. Ne3 Nf4 15. Nf5 Kh7 16. Nh2 Qg5 17. Qf3 g6 18. d5 Nb8 19. h4 Qd8 20. Nxh6 Kxh6 21. g3 Kg7 22. gxf4 Qxh4 23. fxe5 dxe5 24. Be3 Rh8 25. Qg3 Qxg3+ 26. fxg3 Bxe3+ 27. Rxe3 Nd7 28. Rf1 Rh3 29. Ref3 f6 30. Kg2 Rh5 31. c4 Rf8 32. b4 f5 33. g4 Rh4 34. exf5 Rfh8 35. Rh1 Nf6 36. g5 Ng4 37. f6+ Kf7 38. Re1 Nxh2 39. Rg3 e4 40. c5 Nf3 41. Rxf3 exf3+ 42. Kxf3 Re8 43. Rc1 Rh3+ 44. Kf4 Rhe3 45. Rc4 Rd3 46. d6 c6 47. Rc2 Rh8 48. Kg4 Rdh3 0-1

[Event "BL2-Sued 1718"]
[Site "Germany"]
[Date "2018.02.25"]
[Round "10.8"]
[White "Gibicar, Danijel"]
[Black "Doll, Alexander"]
[Result "1/2-1/2"]
[WhiteElo "2267"]
[BlackElo "1898"]
[PlyCount "94"]
[EventDate "2017.10.21"]
[EventType "team-tourn"]
[EventRounds "10"]
[EventCountry "GER"]
[SourceTitle "CBM 183 Extra"]
[Source "ChessBase"]
[SourceDate "2018.04.19"]
[SourceVersion "1"]
[SourceVersionDate "2018.04.19"]
[SourceQuality "1"]
[WhiteTeam "Eppingen"]
[BlackTeam "Untergrombach"]
[WhiteTeamCountry "GER"]
[BlackTeamCountry "GER"]

1. e4 e5 2. Nf3 Nc6 3. Bb5 a6 4. Ba4 d6 5. Bxc6+ bxc6 6. d4 f6 7. Nc3 Ne7 8. Be3 Rb8 9. dxe5 fxe5 10. Qd3 Bg4 11. 0-0-0 Qc8 12. h3 Bxf3 13. gxf3 g6 14. h4 h5 15. b3 Bh6 16. Bxh6 Rxh6 17. Qe3 Rh8 18. f4 exf4 19. Qxf4 Rf8 20. Qe3 Qb7 21. f4 Qb6 22. Qg3 a5 23. Rhf1 Qc5 24. Kb2 Rb4 25. a3 Rd4 26. Na4 Rxd1 27. Rxd1 Qb5 28. c4 Qb7 29. Rf1 Qc8 30. Rg1 Qe6 31. Nc3 a4 32. Nxa4 Qf6+ 33. Nc3 Qxf4 34. Qxf4 Rxf4 35. a4 Kd7 36. a5 Kc8 37. Rh1 Kb7 38. b4 Ng8 39. Rg1 Nf6 40. e5 dxe5 41. Rxg6 Ne4 42. a6+ Kxa6 43. b5+ Ka7 44. Nxe4 Rxe4 45. Rxc6 Kb7 46. Rc5 Rxh4 47. Rxe5 Rxc4 1/2-1/2

[Event "Baden-ch U2000"]
[Site "Walldorf"]
[Date "2017.07.29"]
[Round "6"]
[White "Doll, Alexander"]
[Black "Sauter, Claus"]
[Result "0-1"]
[WhiteElo "1862"]
[BlackElo "1825"]
[PlyCount "72"]
[EventDate "2017.07.26"]
[EventType "swiss"]
[EventRounds "7"]
[EventCountry "GER"]
[SourceTitle "EXT 2018"]
[Source "ChessBase"]
[SourceDate "2017.10.13"]
[SourceVersion "1"]
[SourceVersionDate "2017.10.13"]
[SourceQuality "1"]

1. e4 d5 2. exd5 Qxd5 3. Nc3 Qa5 4. d4 c6 5. Bc4 Nf6 6. Nf3 Bg4 7. 0-0 e6 8. Bb3 Bd6 9. Re1 Qh5 10. h3 Bxf3 11. Qxf3 Qxf3 12. gxf3 0-0 13. Ne4 Be7 14. Bf4 Rd8 15. Rad1 a5 16. c4 b5 17. c5 a4 18. Bc2 Na6 19. Nd6 Nb4 20. Bb1 Ne8 21. Nxe8 Rxe8 22. Bd2 Nd5 23. f4 a3 24. b3 Bf6 25. Be3 Rad8 26. Be4 Re7 27. Bg2 Red7 28. Rd3 Nb4 29. Rd2 Kf8 30. Red1 Ke7 31. f5 e5 32. Re1 Kf8 33. dxe5 Rxd2 34. Bxd2 Rxd2 35. exf6 gxf6 36. Be4 Rxa2 0-1

[Event "Baden-ch U2000"]
[Site "Walldorf"]
[Date "2017.07.28"]
[Round "5"]
[White "Afonso, Nils"]
[Black "Doll, Alexander"]
[Result "0-1"]
[WhiteElo "1743"]
[BlackElo "1862"]
[PlyCount "58"]
[EventDate "2017.07.26"]
[EventType "swiss"]
[EventRounds "7"]
[EventCountry "GER"]
[SourceTitle "EXT 2018"]
[Source "ChessBase"]
[SourceDate "2017.10.13"]
[SourceVersion "1"]
[SourceVersionDate "2017.10.13"]
[SourceQuality "1"]

1. d4 d5 2. c4 e6 3. Nc3 Nf6 4. cxd5 exd5 5. Bg5 Nbd7 6. e3 Be7 7. Bd3 c6 8. Qc2 0-0 9. Nge2 Re8 10. 0-0 Nf8 11. Rab1 g6 12. b4 a6 13. a4 Ne6 14. Bh4 Ng7 15. a5 Bf5 16. Bxf5 Nxf5 17. Bg5 Ng4 18. Bxe7 Qxe7 19. Qd2 Qd6 20. g3 Nh4 21. Qd3 Nf3+ 22. Kg2 Nfxh2 23. Rh1 Qf6 24. Nf4 g5 25. Rxh2 Nxh2 26. Nfxd5 cxd5 27. Rh1 Qf3+ 28. Kxh2 Qxf2+ 29. Kh3 Rxe3 0-1

[Event "Baden-ch U2000"]
[Site "Walldorf"]
[Date "2017.07.28"]
[Round "3"]
[White "Alle, Werner"]
[Black "Doll, Alexander"]
[Result "0-1"]
[WhiteElo "1785"]
[BlackElo "1862"]
[PlyCount "26"]
[EventDate "2017.07.26"]
[EventType "swiss"]
[EventRounds "7"]
[EventCountry "GER"]
[SourceTitle "EXT 2018"]
[Source "ChessBase"]
[SourceDate "2017.10.13"]
[SourceVersion "1"]
[SourceVersionDate "2017.10.13"]
[SourceQuality "1"]

1. e4 e5 2. Bc4 Nf6 3. d4 exd4 4. e5 d5 5. Qxd4 dxc4 6. Qxd8+ Kxd8 7. exf6 gxf6 8. Bf4 Bf5 9. c3 Bc5 10. Nf3 Re8+ 11. Kf1 Bd3+ 12. Kg1 Re2 13. Be3 Rxe3 0-1

[Event "Rhein Main op-B 20th"]
[Site "Bad Homburg"]
[Date "2017.06.15"]
[Round "3"]
[White "Doll, Alexander"]
[Black "Laux, Dominik"]
[Result "1-0"]
[WhiteElo "1865"]
[BlackElo "1759"]
[PlyCount "53"]
[EventDate "2017.06.14"]
[EventType "swiss"]
[EventRounds "7"]
[EventCountry "GER"]
[SourceTitle "EXT 2018"]
[Source "ChessBase"]
[SourceDate "2017.10.13"]
[SourceVersion "1"]
[SourceVersionDate "2017.10.13"]
[SourceQuality "1"]

1. e4 d5 2. exd5 Qxd5 3. Nc3 Qd8 4. Nf3 Nf6 5. Bc4 Bf5 6. Ne5 e6 7. Qf3 Qd4 8. Bb5+ Ke7 9. Qe2 c6 10. Ba4 Nbd7 11. Nf3 Qd6 12. d4 g6 13. Bb3 Bg7 14. Bg5 Nb6 15. 0-0-0 Rhd8 16. h3 h5 17. Ne5 a5 18. a3 Nbd5 19. Nxd5+ cxd5 20. g4 hxg4 21. hxg4 Be4 22. f3 a4 23. Ba2 Bxc2 24. Kxc2 Qc7+ 25. Kb1 Qb6 26. Rh7 Rg8 27. Bxf6+ 1-0